| 000 | 01535nam a22003734a 4500 | ||
|---|---|---|---|
| 001 | ebr10225491 | ||
| 003 | CaPaEBR | ||
| 006 | m u | ||
| 007 | cr cn||||||||| | ||
| 008 | 051021s2006 cau sb 000 0 eng | ||
| 010 | _z 2005030914 | ||
| 020 | _z0833038761 (pbk. : alk. paper) | ||
| 040 |
_aCaPaEBR _cCaPaEBR |
||
| 035 | _a(OCoLC)290605159 | ||
| 043 | _an-us--- | ||
| 050 | 1 | 4 |
_aUA23 _b.J57 2006eb |
| 082 | 0 | 4 |
_a355.4/20973 _222 |
| 100 | 1 |
_aJohnson, David E. _q(David Eugene), _d1950- |
|
| 245 | 1 | 0 |
_aLearning large lessons _h[electronic resource] : _bthe evolving roles of ground power and air power in the post-Cold War era / _cDavid E. Johnson. |
| 260 |
_aSanta Monica, CA : _bRAND, _c2006. |
||
| 300 | _axxvii, 232 p. | ||
| 500 | _a"MG-405-AF."--P. [4] cover. | ||
| 504 | _aIncludes bibliographical references (p. 207-232). | ||
| 533 |
_aElectronic reproduction. _bPalo Alto, Calif. : _cebrary, _d2013. _nAvailable via World Wide Web. _nAccess may be limited to ebrary affiliated libraries. |
||
| 650 | 0 |
_aMilitary doctrine _zUnited States. |
|
| 650 | 0 |
_aAir power _zUnited States. |
|
| 650 | 0 | _aUnified operations (Military science) | |
| 650 | 0 | _aOperational art (Military science) | |
| 651 | 0 |
_aUnited States _xArmed Forces. |
|
| 651 | 0 |
_aUnited States _xArmed Forces _xOperations other than war. |
|
| 655 | 7 |
_aElectronic books. _2local |
|
| 710 | 2 | _aebrary, Inc. | |
| 856 | 4 | 0 |
_uhttp://site.ebrary.com/lib/rucke/Doc?id=10225491 _zAn electronic book accessible through the World Wide Web; click to view |
| 999 |
_c40800 _d40800 |
||